Strategická adaptabilita podniku a jej faktory

Význam schopnosti podniku rýchle sa adaptovať na zmeny podmienok. Strategická adaptabilita ako dlhodobá schopnosť podniku prežívať a efektívne sa rozvíjať v trhovom prostredí. Strategická adaptabilita v kontexte ekonomického vývoja. Hmotné a nehmotné faktory adaptability podniku. Možnosti zvýšenia f...

Ausführliche Beschreibung

Gespeichert in:
Bibliographische Detailangaben
1. Verfasser: Vološin, Martin
Format: Buchkapitel
Sprache:Slowakisch
Schlagworte:
Tags: Tag hinzufügen
Keine Tags, Fügen Sie das erste Tag hinzu!

MARC

LEADER 00000naa a2200000 4500
001 r000752
005 20221214064739.3
041 0 |a slo 
044 |a SK 
245 1 0 |a Strategická adaptabilita podniku a jej faktory  |c Martin Vološin 
520 |a Význam schopnosti podniku rýchle sa adaptovať na zmeny podmienok. Strategická adaptabilita ako dlhodobá schopnosť podniku prežívať a efektívne sa rozvíjať v trhovom prostredí. Strategická adaptabilita v kontexte ekonomického vývoja. Hmotné a nehmotné faktory adaptability podniku. Možnosti zvýšenia flexibility systému plánovania. Filozofia strategického manažmentu, diferencovaná štruktúra systému riadenia a organizácie podniku. Strategický manažment v reálnom čase. Podstata krízového strategického manažmentu. 
610 2 0 |a adaptabilita 
610 2 0 |a stratégia podniková 
610 2 0 |a manažment strategický 
610 2 0 |a riadenie strategické 
610 2 0 |a plánovanie strategické 
610 2 0 |a organizácia riadenia 
100 1 |a Vološin, Martin